Logo BPK

Biblioteka

Politechniki Koszalińskiej

Technologia autoklawizowanego betonu komórkowego / (Rekord nr 16329)

Szczegóły MARC
000 -ETYKIETA REKORDU
podpole kontrolne o stałej długości 00452nam a2200157 i 4500
001 - NUMER KONTROLNY REKORDU
pole kontrolne bg
040 ## - ŹRÓDŁO KATALOGOWANIA
Instytucja, która utworzyła rekord BPK
041 ## - KOD JĘZYKA
Kod języka tekstu pol
008 - POLE O STAŁEJ DŁUGOŚCI - DANE KONTROLNE
podpole kontrolne o stałej długości s pl f |000 0 pol
100 1# - NAZWA OSOBOWA
Nazwa osobowa JATYMOWICZ, Hanna
245 #0 - TYTUŁ/ODPOWIEDZIALNOŚĆ
Tytuł Technologia autoklawizowanego betonu komórkowego /
Pozostałe elementy strefy tytułu i oznaczenia odpowiedzialności Hanna Jatymowicz, Janina Siejko, Genowefa Zapotoczna-Sytek.
260 ## - STREFA ADRESU WYDAWNICZEGO
Miejsce wydania Warszawa,
Data publikacji, dystrybucji/powstania dokumentu 1975.
700 1# - HASŁO DODATKOWE - NAZWA OSOBOWA
Nazwa osobowa SIEJKO, Janina
700 1# - HASŁO DODATKOWE - NAZWA OSOBOWA
Nazwa osobowa ZAPOTOCZNA-SYTEK, Genowefa
856 ## - LOKALIZACJA I DOSTĘP DO ELEKTRONICZNYCH DOKUMENTÓW ZDALNYCH
Link (URL) http://koha.tu.koszalin.pl/cgi-bin/koha/opac-detail.pl?biblionumber=16329
Tekst linku Katalog online BPK
942 ## - DODATKOWE ELEMENTY (KOHA)
Typ dokumentu Książka
Egzemplarze
Wycofany Status egzemplarza Uszkodzony Dostępność Lokalizacja stała Lokalizacja bieżąca Miejsce przechowywania Sygnatura Kod kreskowy Typ dokumentu
      Dostępny Biblioteka Politechniki Koszalińskiej Biblioteka Politechniki Koszalińskiej Wypożyczalnia BG 19995 01708424 Książka
      Dostępny Biblioteka Politechniki Koszalińskiej Biblioteka Politechniki Koszalińskiej Wypożyczalnia BG 19996 01708431 Książka
© 2023 Biblioteka Politechniki Koszalińskiej :: KOHA